| 000 | 00670nam a22002057a 4500 | ||
|---|---|---|---|
| 005 | 20100728155426.0 | ||
| 010 | _aENG-97218 | ||
| 020 |
_c500.00 _a9788177112153 |
||
| 035 | _aEN-80751 | ||
| 037 | _bDBAD/PUB | ||
| 082 | _a881 | ||
| 100 |
_aVerma, Satish _9669 |
||
| 245 |
_aEncounters with I / _cby Satish Verma |
||
| 260 |
_aJaipur _bSahityagar _c2010 |
||
| 270 |
_a958, Dhamani Market, Chara Rasta _bJaipur _e302003 |
||
| 300 |
_aviii, 109p _c21cm (Hb) |
||
| 500 | _asame ISBN no in hindi book | ||
| 942 |
_2ddc _cEN _h881 _mVER |
||
| 999 |
_c38123 _d38123 |
||